000
00323nam a2200133Ia 4500
008
220216s9999 xx 000 0 und d
100
_a
Watson G A
245
0
_a
Cover plants, weeds and weed killers
260
_b
Planter
_c
1964
300
_a
347-350,368
650
_a
Cover plants
650
_a
Weed killers
942
_c
JS
999
_c
56479
_d
56479